000 00584nam a22001817a 4500
003 OSt
005 20140310182448.0
008 130214t xxu||||| |||| 00| 0 eng d
020 _a9780443067976
050 _aRB 33
_b.W556 2011
100 _aBarbara Young.
_97952
245 _aWheater's basic pathology : a text, atlas, and review of histopathology
_cBarbara Young, William Stewart, Geraldine O'Dowd.
260 _a[Edinburgh]
_bChurchill Livingstone/Elsevier
_cc2011.
300 _a337 p.
_c30 cm.
_bill. col. ;
942 _2lcc
_cSSLC
999 _c13644
_d13644